[Event "OP-2019-0-04792"]
[Site "LSS email"]
[Date "2019.07.13"]
[Round "?"]
[White "Kamanel Zamora, Juan Felipe"]
[Black "Maly, Marian"]
[Result "1-0"]
[WhiteElo "2291"]
[BlackElo "1111"]
[PlyCount "37"]
[EventDate "2019.06.04"]
[EventType "tourn (corr)"]
[EventRounds "4"]
[EventCountry "GER"]
[SourceTitle "Corr 2022"]
[Source "ChessBase"]
[SourceDate "2021.10.24"]
[SourceVersion "1"]
[SourceVersionDate "2021.10.24"]
[SourceQuality "1"]

1. e4 e5 2. Nf3 d6 3. d4 Bg4 4. dxe5 Bxf3 5. Qxf3 dxe5 6. Qb3 b6 7. Bc4 Qe7 8. Nc3 Nh6 9. Nd5 Qd7 10. Bxh6 c6 11. 0-0-0 cxd5 12. Rxd5 Qc7 13. Bb5+ Nc6 14. Qc3 Rc8 15. Rxe5+ Be7 16. Rxe7+ Kxe7 17. Qxg7 Ne5 18. Bg5+ Ke6 19. Qf6# 1-0

[Event "OP-2019-0-04792"]
[Site "LSS email"]
[Date "2019.07.13"]
[Round "?"]
[White "Kamanel Zamora, Juan Felipe"]
[Black "Voudouris, Nick"]
[Result "1-0"]
[WhiteElo "2291"]
[BlackElo "1587"]
[PlyCount "97"]
[EventDate "2019.06.04"]
[EventType "tourn (corr)"]
[EventRounds "4"]
[EventCountry "GER"]
[SourceTitle "Corr 2022"]
[Source "ChessBase"]
[SourceDate "2021.10.24"]
[SourceVersion "1"]
[SourceVersionDate "2021.10.24"]
[SourceQuality "1"]

1. e4 c5 2. Nf3 d6 3. d4 cxd4 4. Nxd4 Nf6 5. Nc3 a6 6. Be3 e5 7. Nb3 Be6 8. f3 h5 9. Qd2 Nbd7 10. Nd5 Nxd5 11. exd5 Bf5 12. Na5 Qc7 13. Be2 Qxc2 14. Qxc2 Bxc2 15. Nxb7 Nf6 16. Bc4 Rb8 17. Na5 Rxb2 18. 0-0 Bg6 19. Rf2 Rb4 20. a4 Bf5 21. Rd2 Bc8 22. Rc1 g6 23. Bf1 Bd7 24. Nc6 Rb3 25. Bg5 Bg7 26. Ra2 Bh6 27. Bxh6 Rxh6 28. Bc4 Rb7 29. Bxa6 Rc7 30. Rb2 Kf8 31. Rb7 Nxd5 32. Rxc7 Nxc7 33. Bb7 Ke8 34. a5 Bxc6 35. Rxc6 Kd7 36. a6 Rh8 37. a7 Na8 38. h4 f6 39. Rc2 Nb6 40. Kf2 g5 41. Ke3 Rf8 42. Rc6 Na8 43. Ke4 Ke6 44. Bc8+ Ke7 45. Bf5 Rd8 46. Kd5 Kf7 47. Rc2 Re8 48. Kxd6 Rd8+ 49. Kc6 1-0

[Event "OP-2019-0-04792"]
[Site "LSS email"]
[Date "2019.07.13"]
[Round "?"]
[White "Sofia, Gerardo"]
[Black "Kamanel Zamora, Juan Felipe"]
[Result "0-1"]
[WhiteElo "1593"]
[BlackElo "2291"]
[PlyCount "78"]
[EventDate "2019.06.04"]
[EventType "tourn (corr)"]
[EventRounds "4"]
[EventCountry "GER"]
[SourceTitle "Corr 2022"]
[Source "ChessBase"]
[SourceDate "2021.10.24"]
[SourceVersion "1"]
[SourceVersionDate "2021.10.24"]
[SourceQuality "1"]

1. e4 c5 2. Nf3 d6 3. d4 cxd4 4. Nxd4 Nf6 5. Nc3 a6 6. Bc4 e6 7. Qe2 Be7 8. Be3 0-0 9. g4 b5 10. Bd3 b4 11. Nb1 g6 12. g5 Nh5 13. Rg1 e5 14. Nf5 Bxf5 15. exf5 d5 16. f6 Bd6 17. Nd2 Nd7 18. 0-0-0 Qc7 19. Kb1 Rfd8 20. Rg4 d4 21. Be4 Rac8 22. Rh4 dxe3 23. fxe3 Nc5 24. Bf3 e4 25. Nxe4 Nxe4 26. Rxe4 Bf8 27. Red4 Rxd4 28. Rxd4 Re8 29. Bd5 Re5 30. h4 Ng3 31. Qe1 Nf5 32. Rd3 Qc5 33. e4 Nd6 34. Re3 h6 35. c3 hxg5 36. hxg5 Nc4 37. Bxc4 Qxc4 38. Qh1 Rxg5 39. Rh3 Rh5 0-1

[Event "OP-2019-0-04807"]
[Site "LSS email"]
[Date "2019.07.12"]
[Round "?"]
[White "Hogar, Raif"]
[Black "Kamanel Zamora, Juan Felipe"]
[Result "1/2-1/2"]
[WhiteElo "2126"]
[BlackElo "2291"]
[PlyCount "35"]
[EventDate "2019.07.05"]
[EventType "tourn (corr)"]
[EventRounds "4"]
[EventCountry "GER"]
[SourceTitle "Corr 2022"]
[Source "ChessBase"]
[SourceDate "2021.10.24"]
[SourceVersion "1"]
[SourceVersionDate "2021.10.24"]
[SourceQuality "1"]

1. d4 Nf6 2. c4 e6 3. Nc3 Bb4 4. Qc2 0-0 5. a3 Bxc3+ 6. Qxc3 b6 7. Bg5 Bb7 8. e3 d6 9. Qc2 c5 10. Ne2 cxd4 11. Nxd4 Nbd7 12. Rd1 a6 13. Qd2 h6 14. Bh4 Ne5 15. f3 Ne4 16. Bxd8 Nxd2 17. Rxd2 Rfxd8 18. Kf2 1/2-1/2

[Event "OP-2019-0-04807"]
[Site "LSS email"]
[Date "2019.07.12"]
[Round "?"]
[White "Kamanel Zamora, Juan Felipe"]
[Black "Tylecek, Drahomir"]
[Result "1-0"]
[WhiteElo "2291"]
[BlackElo "2088"]
[PlyCount "109"]
[EventDate "2019.07.05"]
[EventType "tourn (corr)"]
[EventRounds "4"]
[EventCountry "GER"]
[SourceTitle "Corr 2022"]
[Source "ChessBase"]
[SourceDate "2021.10.24"]
[SourceVersion "1"]
[SourceVersionDate "2021.10.24"]
[SourceQuality "1"]

1. d4 Nf6 2. c4 g6 3. Nc3 d5 4. Nf3 Bg7 5. Qb3 dxc4 6. Qxc4 0-0 7. e4 Na6 8. Be2 c5 9. d5 e6 10. 0-0 exd5 11. exd5 Re8 12. Rd1 Bf5 13. d6 h6 14. Bf4 Nd7 15. Rd2 Nb4 16. Qb3 Be6 17. Bc4 Nb6 18. Bxe6 Rxe6 19. Na4 Nxa4 20. Qxa4 Nc6 21. Qb5 Qb6 22. Qxb6 axb6 23. d7 g5 24. Bc7 Bf6 25. Bxb6 g4 26. Ne1 Rxa2 27. Rad1 c4 28. Kf1 Nd8 29. Bxd8 Bxd8 30. g3 Rb6 31. Re2 Re6 32. Rc2 Kf8 33. Rxc4 Rxb2 34. Rxg4 Rbb6 35. Rgd4 Ke7 36. Nd3 Red6 37. Re1+ Re6 38. Rxe6+ Rxe6 39. Nc5 Rb6 40. f4 Rb2 41. h3 Ba5 42. Rd3 Bc7 43. Rd5 Kd8 44. h4 Ke7 45. f5 Bd8 46. Ke1 f6 47. Ne6 Ra2 48. Nf4 Ra3 49. Ng6+ Kf7 50. Kf2 b6 51. g4 Ra4 52. Kf3 Ra3+ 53. Ke4 Rg3 54. g5 hxg5 55. h5 1-0